LEADER 00828nam0 2200265 450 001 000004562 005 20080710170839.0 010 $a0-12-103455-0 100 $a20030307d1998----km-y0itay50------ba 101 0 $aeng 102 $aUS 200 1 $aBacterial biogeochemistry$ethe ecophysiology of mineral cycling$fT. Fenchel, G. M. King and T. H. Blackburn 205 $a2. ed. 210 $aSan Diego [etc.]$cAcademic press$d1998 215 $aVIII, 307 p.$cill.$d24 cm 610 1 $aMicrobiologia$aBatteri 676 $a579.3 700 1$aFenchel,$bTom$0282195 701 1$aKing,$bGary M.$0282197 701 1$aBlackburn,$bT.H.$0592993 801 0$aIT$bUNIPARTHENOPE$gRICA$2UNIMARC 912 $a000004562 951 $cPIST$aP1 579-B/1$b35689$d20030307 996 $aBacterial biogeochemistry$91205861 997 $aUNIPARTHENOPE